| 000 | 00827nam a2200217Ii 4500 | ||
|---|---|---|---|
| 003 | JO-AjNU | ||
| 008 | 230605s9999||||xx |||||||||||||| ||und|| | ||
| 020 | _a1-56564-324-0 | ||
| 040 |
_aJO-AjNU _bara _erda _cJO-AjNU |
||
| 041 | _aara | ||
| 050 | 1 | 4 | _aPJ7862.A519.Z78 2008 |
| 100 | 3 |
_aمرزاق، عبد القادر محمد, _eauthor _952507 |
|
| 245 | 0 | 0 | _aمشروع أدونيس الفكري والإبداعي: رؤية معرفية |
| 250 | _aط1 | ||
| 264 | 3 | 1 | _aفرجينيا: المعهد العالمي للفكر الإسلامي، 2008 |
| 300 | _a424ص | ||
| 336 |
_atext _btxt _2rdacontent |
||
| 337 |
_aunmediated _bn _2rdamedia |
||
| 338 |
_avolume _bnc _2rdacarrier |
||
| 650 | 4 |
_aالأدب العربي - الشعر العربي - القرن العشرون - سوريا - تاريخ ونقد _952508 |
|
| 999 |
_aA23264 _c26832 _d26832 |
||